Volley: Pays Champions du Monde (Hommes et Femmes) - Statistiques

Statistiques générales
  • Ce quiz a été pris 111 fois
  • Le résultat moyen est 9 sur 11
Statistiques - réponses
Réponse % Correct
URSS
97%
Brésil
95%
Etats-Unis
95%
Italie
94%
Russie
93%
Pologne
89%
Allemagne de l'Est
80%
Japon
80%
Chine
63%
Tchécoslovaquie
53%
Cuba
51%
Aucun quiz correspondant
Distribution des résultats
% des personnes avec chaque résultat
Percentile par nombre de réponses
Votre historique - résultats
Vous n’avez pas pris ce quiz